| 000 | 00494nam a22001697a 4500 | ||
|---|---|---|---|
| 005 | 20211103111937.0 | ||
| 008 | 170221b xxu||||| |||| 00| 0 eng d | ||
| 020 | _a9788126531691 | ||
| 040 | _c. | ||
| 082 | _a621.815 COL | ||
| 100 |
_aJack A. Collins _983663 |
||
| 245 |
_aMechanical Design Of Machine Elements And Machines \ _cJack A. Collins , Henry Busby & George Staab |
||
| 250 | _a2nd | ||
| 260 |
_aNew Delhi, _bWiley India, _c2010. |
||
| 300 |
_a890 p. ; _c24 cm. |
||
| 942 |
_2ddc _cBK |
||
| 999 |
_c232636 _d232636 |
||